Karpatský redyk - spomienka na históriu

Bibliographic Details
Main Author: Šutý, Július (Author)
Format: Article
Language:Slovak

MARC

LEADER 00000nab a2200000 a 4500
001 vtls010709695
003 SK-MaSNL
005 20260304185623.0
008 250709s2013 xo |||||||||||||||||slo|
035 |a (urnnbn)urn:nbn:sk:snk:ar-a0450o 
035 |a (uuid)12ec029b-106f-49d1-b69e-3b5e08076646 
035 |a urn:nbn:sk:snk-ab3d9b 
040 |a SNKBUCL  |b slo  |c SNKBUCL  |e AACR2 
041 0 |a slo 
044 |a xo  |c SK 
100 1 |a Šutý, Július  |4 aut  |9 1161216 
245 1 0 |a Karpatský redyk - spomienka na históriu  |c Július Šutý 
773 0 |t Chov oviec a kôz : aktuálne informácie a údaje z PK pre chovateľov a priaznivcov chovu  |g Roč. 33, č. 3 (2013), s. 34 
850 |a Slovenská národná knižnica 
852 |a Slovenská národná knižnica 
954 |a odborná, vedecká literatúra pôvodná (slovenská)  |2 lita 
958 |a article1 
958 |a OND 
958 |a EUIPO 
999 |c 3044913  |d 3046843